01597cam a22004454i 4500003000900000005001700009008004100026020001500067035002700082040003300109082002400142100003000166245007200196264005600268300006800324336002100392337002500413338002300438505045000461526001000911526001000921526000900931526000900940526000900949526000900958526000900967526000900976526000800985526000800993526000801001526000801009526000801017526000801025526000801033526000801041650002701049650002001076650002501096700003001121PE-LiUPU20251003085612.0150616s r 000 0 d a9682608171 a(Sirsi) i9789682608179 aPE-LiUPUbspacPE-LiUPUerda04a620.106.bV462e2211 aVennard, John K.,eautor.10aElementos de Mecánica de Fluidos Versión SI /cJohn K. Vennard. 1aMéxico D.F. :bFuentes Impresores Centeno,c1993. a851 páginas :b ilustraciones(gráficos) ;c22 centímetros atext2rdacontent aunmediated2rdamedia avolume2rdacarrier0 aPrincipios básicos.- Estática de los fluidos.- Cinemática del movimiento de los fluidos.- Flujo de un fluido ideal incompresible.- Flujo de un fluido ideal compresible.- El principio de impulso-momentum.- Flujo de un fluido real.- similitud y análisis demensional.- Flujo de fluido en tubos.- Flujo de líquido en canales abiertos.- Mediciones sobre fluidos.- Hidrodinámica elemental.- Flujo de fluido alrededor de cuerpos sumergidos. aSEG44 aSEG26 aP159 aP155 aP154 aP153 aP150 aP100 aP31 aP30 aP26 aP25 aP24 aP22 aP15 aP1014aMecánica de fluidos.24aHidrodinámica24aFluidosxPropiedades1 aStreet, Robert L.eautor.